Historia de Polonia / (Record no. 124571)

MARC details
000 -LEADER
campo de control de longitud fija 00800nam a2200241 i 4500
001 - NÚMERO DE CONTROL
campo de control 124571
003 - IDENTIFICADOR DE NÚMERO DE CONTROL
campo de control ES-MaACL
005 - FECHA Y HORA DE LA ÚLTIMA TRANSACCIÓN
campo de control 20250813062629.0
007 - CAMPO FIJO DE DESCRIPCIÓN FÍSICA--INFORMACIÓN GENERAL
campo de control de longitud fija t|
008 - DATOS DE LONGITUD FIJA--INFORMACIÓN GENERAL
campo de control de longitud fija 070330s1932 sp ||||1| spa d
080 ## - NÚMERO DE LA CLASIFICACIÓN DECIMAL UNIVERSAL
Número de la Clasificación Decimal Universal 94(438)
100 1# - ENTRADA PRINCIPAL--NOMBRE DE PERSONA
Nombre de persona Branderburger, Clemens L.
9 (RLIN) 31339
245 10 - MENCIÓN DEL TÍTULO
Título Historia de Polonia /
Mención de responsabilidad, etc. C.L. Brandenburger, M. Laubert ; traducción de la segunda edición alemana por Manuel Almarcha Hernández.
260 ## - PUBLICACIÓN, DISTRIBUCIÓN, ETC.
Lugar de publicación, distribución, etc. Barcelona :
Nombre del editor, distribuidor, etc. Labor,
Fecha de publicación, distribución, etc. [1932]
300 ## - DESCRIPCIÓN FÍSICA
Extensión 207 p., map., XII p. lám. :
Otras características físicas il. ;
Dimensiones 17 cm.
490 1# - MENCIÓN DE SERIE
Mención de serie Colección Labor ;
Designación de volumen o secuencia 306
651 #4 - PUNTO DE ACCESO ADICIONAL DE MATERIA--NOMBRE GEOGRÁFICO
Nombre geográfico Polonia-
Subdivisión general Historia.
9 (RLIN) 9240
700 1# - ENTRADA AGREGADA--NOMBRE PERSONAL
Nombre de persona Laubert, M.
9 (RLIN) 70577
700 1# - ENTRADA AGREGADA--NOMBRE PERSONAL
Nombre de persona Almarcha Hernández, Manuel.
9 (RLIN) 20099
830 10 - PUNTO DE ACCESO ADICIONAL DE SERIE-TÍTULO UNIFORME
Título uniforme Colección Labor
Designación de volumen o secuencia 306
9 (RLIN) 184254
852 4# - LOCALIZACIÓN
Ubicación ES-MaACL
Número de control de estantería E-2797
Holdings
Estatus retirado Estado de pérdida Estado de daño No para préstamo Biblioteca de origen Biblioteca actual Ubicación en estantería Fecha de adquisición Fuente de adquisición Total de préstamos Signatura topográfica completa Código de barras Visto por última vez Precio de reemplazo Tipo de ítem Koha
        Biblioteca del Ateneo de Madrid Biblioteca del Ateneo de Madrid Depósito 2 17/01/2008     E-2797 1129786 23/02/2023 23/02/2023 Libro impreso